000 00536nam a22001937a 4500
003 OSt
005 20240724110400.0
008 161018b xxu||||| |||| 00| 0 eng d
020 _a0415406870
040 _cDDC
082 _a332.1 BIR 2003
100 _aBird, Graham
_911214
245 _aThe IMF and future: issues and options facing the fund /
_cGraham Bird
260 _aLondon;
_bRoutledge,
_c 2003
300 _axiii,299p; ill: 24cm
504 _aNotes, & index included
650 _aIMF challenges
_911215
942 _2z
_cB_BANK
999 _c5362
_d5362